Normal view
MARC view
Entry Topical Term
001 - CONTROL NUMBER
- control field: 6680
003 - CONTROL NUMBER IDENTIFIER
- control field: ARRUPE
005 - DATE AND TIME OF LATEST TRANSACTION
- control field: 20140116135807.0
008 - FIXED-LENGTH DATA ELEMENTS
- fixed length control field: 140116|| aca||aabn | a|a d
040 ## - CATALOGING SOURCE
- Original cataloging agency: ARRUPE
- Transcribing agency: ARRUPE
150 ## - HEADING--TOPICAL TERM
- Topical term or geographic name as entry element: Mechanism (Philosophy)
- General subdivision: Early works to 1800.
670 ## - SOURCE DATA FOUND
- Source citation: Work cat.: (ARRUPE)0: La Mettrie, Julien Offray de, 1709-1751. 6676, Man a machine ; and, Man a plant /, c1994.